Film Trivia Quiz- Multiple Choice - Statistiken

Allgemein
  • Dieses Quiz wurde 355 mal gespielt
  • Das Durchschnittsergebnis liegt bei 7 aus 15
Antwortstatistiken
Frage Antwort % Korrekt
Der Song "(I've had) The Time of my Life" ist unvergesslich, aber aus welchem Film stammt er? Dirty Dancing
93%
Das MCU (Marvel Cinematic Universe) ist mittlerweile die erfolgreichste Filmreihe aller Zeiten, doch mit welchem Helden begann die Erfolgsserie? Iron Man
88%
Aus welchem legendären Film kennt man den wahnsinnigen Norman Bates? Psycho
82%
Welcher Film gilt als Walt Disneys 1. abendfüllender Kinofilm? Schneewittchen und die sieben Zwerge
76%
Welcher Film ist im Moment (Stand Aug. 2024) der erfolgreichste Film aller Zeiten nach Umsatz. (Nicht inflationsbereinigt) Avatar - Aufbruch nach Pandora
63%
Was sagte Charles Foster Kane auf seinem Sterbebett im Film "Citizen Kane" Rosebud
52%
Welche Schauspielerin spielte sowohl in der West Side Story Verfilmung von 1961 als auch im Remake von 2021 mit? Rita Moreno
37%
Der Film Black Swan mit Natalie Portman orientiert sich sehr stark an einem Anime Film aus dem Jahr 1997, wie heißt er? Perfect Blue
36%
Tom Hanks gewann bisher 2 Oscars. Den einen für seine Rolle des Forrest Gump, den anderen für den Film... Philadelphia
36%
Im Film Saving Mr. Banks geht es eigentlich um...? Mary Poppins
31%
Das Lied Que Sera, Sera (Whatever will be, will be) wurde von Doris Day gesungen und stammt aus welchem Film? Der Mann, der zuviel wusste
24%
Um beim Thema Lieder zu bleiben: In welcher Musicalverfilmung sang Marilyn Monroe "Diamonds are a Girl's Best Friend" Blondinen bevorzugt
22%
Von "A Star is Born" gibt es insgesamt 4 Verfilmungen, welche dieser Damen spielte keine Rolle in einer der Verfilmungen Shirley Temple
21%
Wie viele Regeln hat der berühmte Fight Club? 8
14%
Finale Frage: Welcher dieser Filme ist KEINE Verfilmung eines Stephen King Romans bzw. Novelle Thrill Seekers
7%
Keine übereinstimmenden Quizze gefunden
Verteilung der Resultate
Anzahl Personen mit jedem Resultat
Perzentil nach korrekt beantworteten Fragen
Ihre Resultats-Entwicklung
Sie haben dieses Quiz noch nicht gespielt